Meditaciones sobre un tema : peregrinación espiritual a través del evangelio / Anthony Bloom

保存先:
書誌詳細
第一著者: Bloom, Anthony (autor)
フォーマット: 図書
主題:
タグ: タグ追加
タグなし, このレコードへの初めてのタグを付けませんか!

MARC

LEADER 00000nam^a2200000^u^4500
001 000553132
005 20250521000000.0
008 060220s1000^^^^^^^^^^^^r^^^^^000^0^spa^d
009 20260310131631.71
022 |a 8425406854 
035 |a FMI 000022924 
037 |a Acervo Xavier Clavigero 
096 |a 5.9/107/A 
100 |a Bloom, Anthony  |e (autor) 
245 1 0 |a Meditaciones sobre un tema : peregrinación espiritual a través del evangelio / Anthony Bloom 
264 |a Barcelona : Editorial Herder, 1977 
300 |a 153 p 
336 |a texto  |b txt  |2 rdacontenido 
337 |a sin mediación  |b n  |2 rdamedio 
338 |a volumen  |b nc  |2 rdasoporte 
649 |a XX 
650 |a Pastoral 
910 |a Fondo Francisco Migoya Covarrubias S.J. 
920 |a Impresos - Libros 
930 |a Fondos Especiales 
905 |a 134 
901 |a SBC30370  |b IT2  |c ESP  |u 20250521 
902 |a https://opac.biblio.iteso.mx/vufind/Record/000553132